| 000 | 00590nmc a2200241 a 4500 | ||
|---|---|---|---|
| 003 | AR-BaBNM | ||
| 005 | 20251128204654.0 | ||
| 008 | 047019s1994 ||||||||||||||000 | spa|| | ||
| 020 | _a950-843-067-2 | ||
| 040 | _cAR-BaBNM | ||
| 100 | 1 | _aUre, María Inés | |
| 245 | 1 | 0 | _aQuasar entre las sombras |
| 260 |
_aBuenos Aires _bVinciguerra _c1994 |
||
| 300 | _a87 p. | ||
| 490 | 0 | _aColección Metáfora | |
| 650 | 4 | _aLITERATURA ARGENTINA | |
| 650 | 4 | _aESCRITORES | |
| 650 | 4 | _aPOESIA | |
| 650 | 4 | _aLITERATURA CONTEMPORANEA | |
| 655 | _aLITERATURA | ||
| 942 | _cBK | ||
| 998 | _cMARTIN | ||
| 999 |
_c8337 _d8337 |
||